000 00247nam a22000977a 4500
082 _a651.37 LOS'C
100 _aLOSO AGNEW
_960173
245 _aCLERICAL OFFICE PRACTICE
260 _bSOCIETY FOR INDUSTRIAL & APPLIED MATHEMATICS
_c1950
942 _cBK
999 _c569973
_d569973